000 00575nam a2200205Ia 4500
005 20250923145353.0
008 008 250917s9999 xx 000 0 eng d
037 _aTextual
040 _aDSWL
_beng
_cDSWL
041 _aeng
_2eng
084 _aQ4, N59
_qDSWL
100 _aConze, Edward
_9834588
245 0 _aBuddhism : Its essence and development
_c by Edward Conze
260 _aNew York
_b Harper Torchbooks
_c1959
300 _aviii,212 p.
365 _aUSD
_b1 . 35
925 _g1 . 35
942 _cTEXL
_hQ4, N59
999 _c1450557
_d1450557